Automated Time Table Scheduling System. (Record no. 58572)

MARC details
000 -LEADER
fixed length control field 00512nam a2200169Ia 4500
082 ## - DEWEY DECIMAL CLASSIFICATION NUMBER
Classification number R/5BS(CS)10
100 ## - MAIN ENTRY--AUTHOR NAME
Personal name Taooz Javed Khanzada
100 ## - MAIN ENTRY--AUTHOR NAME
Personal name Roll No. 10BS(CS)16
100 ## - MAIN ENTRY--AUTHOR NAME
Personal name Supervisor - Mr. Asghar Ali Chandio
245 #0 - TITLE STATEMENT
Title Automated Time Table Scheduling System.
260 ## - PUBLICATION, DISTRIBUTION, ETC. (IMPRINT)
Place of publication Nawabshah
Name of publisher QUEST
Year of publication 2014
300 ## - PHYSICAL DESCRIPTION
Number of Pages 65p
700 ## - ADDED ENTRY--PERSONAL NAME
Personal name Nawaz Ali Jamali (Roll No. 10BS(CS)07)
700 ## - ADDED ENTRY--PERSONAL NAME
Personal name Salahud-din Mari (Roll No. 10BS(CS)23)
700 ## - ADDED ENTRY--PERSONAL NAME
Personal name Ali Hyder Dahri (Roll No. 10BS(CS)29)
942 ## - ADDED ENTRY ELEMENTS (KOHA)
Koha item type Thesis and Dissertation
Holdings
Withdrawn status Lost status Home library Current library Date acquired Full call number Accession Number Koha item type
    Research Section Research Section 25/04/2018 R/5BS(CS)10 BSCSP/11-108 Thesis and Dissertation